| 000 | 00595 a2200181 4500 | ||
|---|---|---|---|
| 999 |
_c8385 _d8385 |
||
| 010 | _aENG-88416 | ||
| 020 |
_c550.00 _a8179100987 |
||
| 035 | _aEN-71949 | ||
| 037 | _bDBAD / PUB | ||
| 082 | 1 | 4 | _a305.42 |
| 100 | _aChatterjee, Mohini | ||
| 245 | 1 |
_aFeminism and gender equality/ _cby Mohini Chatterjee |
|
| 260 |
_aJaipur _bAavishkar Publishers, Distributors _c2005 |
||
| 270 |
_a807,Vyas Building, Chaura Rasta, _bJaipur _e302 003 _cRajasthan |
||
| 300 |
_av, 240p. _c22cm (Hb) |
||
| 500 | _aIncludes bibliographical references and index | ||
| 942 |
_adpl _cEN _2ddc _h305.42 _mCHA |
||